Výber atraktívneho zákazníckeho segmentu pre zacielenie svojich marketingových programov bakalárska práca

Salvato in:
Dettagli Bibliografici
Autore principale: Šiška, Jakub
Ente Autore: Fakulta podnikového manažmentu EU. Katedra podnikovohospodárska
Altri autori: Hrušovská, Dana, 1964-
Natura: Libro
Lingua:slovacco
Pubblicazione: Bratislava 2020
Tags: Aggiungi Tag
Nessun Tag, puoi essere il primo ad aggiungerne!!

MARC

LEADER 00000nbm a2200000 4500
001 0265928
005 20201126130515.2
041 0 |a slo 
044 |a SK 
245 1 0 |a Výber atraktívneho zákazníckeho segmentu pre zacielenie svojich marketingových programov  |b bakalárska práca  |c Jakub Šiška ; školiteľ: Dana Hrušovská 
264 1 |a Bratislava  |c 2020 
300 |a 45 s. 
100 1 |a Šiška, Jakub 
700 1 |a Hrušovská, Dana, 1964- 
710 2 |a Fakulta podnikového manažmentu EU. Katedra podnikovohospodárska